Top 8 Countries of World Baseball Classic - Statistics

General Stats
  • This quiz has been taken 56 times
  • The average score is 24 of 32
Answer Stats
Hint Answer % Correct
Third Japan
100%
Third Japan
100%
Champion Japan
100%
Champion Japan
100%
Champion United States
98%
Sixth United States
98%
Fourth United States
98%
Eighth United States
98%
Fifth Dominican Republic
88%
Champion Dominican Republic
88%
Fourth Dominican Republic
88%
Seventh Cuba
77%
Fifth Cuba
77%
Sixth Cuba
77%
Runner-up Cuba
77%
Eighth Mexico
75%
Sixth Mexico
75%
Eighth Venezuela
73%
Third Venezuela
73%
Seventh Venezuela
73%
Runner-up Puerto Rico
69%
Runner-up Puerto Rico
69%
Fifth Puerto Rico
69%
Fifth Puerto Rico
69%
Runner-up South Korea
67%
Third South Korea
67%
Eighth Taiwan
52%
Fourth Netherlands
48%
Fourth Netherlands
48%
Seventh Netherlands
48%
Seventh Italy
42%
Sixth Israel
35%
No matching quizzes found
Score Distribution
Percent of People with Each Score
Percentile by Number Answered
Your Score History
You have not taken this quiz